000 00535nam a2200217Ia 4500
003 OSt
005 20220924143047.0
006 a|||||r|||| 00| 0
007 ta
008 220923b |||||||| |||| 00| 0 ori d
024 _a304543
037 _cTextual
040 _aARTS
_cARTS
_bORI
041 _2ORI
_aORI
082 _aO1591:g, L3
100 _aDaskrishna Chandra
_9214697
245 0 _aSamikhya darpan
260 _c1976
942 _hO1591:g, L3
_cTEXL
_2CC
999 _c453042
_d453042